Refrigeration and Airconditioning (Record no. 230764)

MARC details
000 -LEADER
fixed length control field 00464nam a2200193Ia 4500
008 - FIXED-LENGTH DATA ELEMENTS--GENERAL INFORMATION
fixed length control field 240823s9999||||xx |||||||||||||| ||und||
082 ## - DEWEY DECIMAL CLASSIFICATION NUMBER
-- 621.564 P9
100 ## - MAIN ENTRY--PERSONAL NAME
Personal name Isakki Muthu M
245 #0 - TITLE STATEMENT
Title Refrigeration and Airconditioning
250 ## - EDITION STATEMENT
Edition statement 3rd
260 ## - PUBLICATION, DISTRIBUTION, ETC. (IMPRINT)
Date of publication, distribution, etc 2009
Name of publisher, distributor, etc pratheeba Publi
500 ## - GENERAL NOTE
General note TRANSFERED
650 ## - SUBJECT ADDED ENTRY--TOPICAL TERM
Topical term or geographic name as entry element Mechanical
700 ## - ADDED ENTRY--PERSONAL NAME
Personal name Chellappa C S
942 ## - ADDED ENTRY ELEMENTS (KOHA)
Item type Books
Holdings
Withdrawn status Lost status Damaged status Permanent location Current location Shelving location Date acquired Source of acquisition Cost, normal purchase price Full call number Barcode Date last seen Koha item type
      CENTRAL LIBRARY, NOORUL ISLAM CENTRE FOR HIGHER EDUCATION CENTRAL LIBRARY, NOORUL ISLAM CENTRE FOR HIGHER EDUCATION   03/08/2019 Gift Book From Department 100.00 621.564 P9 78949 08/23/2024 Books
Visitors:
Copyright © 2024 Central Library NICHE.  All rights reserved.